[Event "XII Americas Continental-ch 2017"]
[Site "Medellin"]
[Date "2017.06.18"]
[Round "11"]
[White "Bruzon Batista, Lazaro"]
[Black "Erenburg, Sergey"]
[Result "1-0"]
[WhiteElo "2650"]
[BlackElo "2550"]
[Annotator "TA"]
[PlyCount "99"]
[EventDate "2017.??.??"]
[EventType "swiss"]
[EventCountry "COL"]
[SourceTitle "playchess.com"]
[Source "ChessBase"]
[SourceQuality "1"]

{[%evp 12,99,23,13,23,28,31,20,25,17,27,18,22,2,32,17,30,26,18,-19,-33,-45,82,48,103,93,109,100,108,95,93,77,64,66,67,66,77,81,78,71,93,77,76,83,88,86,105,72,69,61,76,0,62,53,100,86,129,138,134,120,243,229,452,447,431,325,325,297,300,262,431,431,431,431,442,438,393,426,416,417,504,509,504,504,588,590,581,555,983,978]} 1. c4 c6 2. d4 d5 3. cxd5 cxd5 4. Bg5 (4. Nf3 Nc6 5. Nc3 Nf6 6. Bf4 Nh5 7. Bd2 g6 8. e3 e6 9. Bb5 Bd7 10. Ne5 Nxe5 11. dxe5 Bxb5 12. Nxb5 a6 13. Nd4 Bc5 14. Nb3 Be7 {0-1 (60) Shimanov,A (2642)-Fedoseev,V (2690) Minsk 2017}) 4... Nc6 5. Nc3 Qb6 6. Qd2 {D10: Slav Defence: 3 cxd5 (without early Nf3) and 3 Nc3} e6 7. e3 {LiveBook: 3 Games} Nge7 $146 {[%cal Bg8e7,Be7f5,Bf5h4][%mdl 32]} (7... h6 $5 {[%cal Rh6g5]} 8. Bf4 Nf6 $11) ({Predecessor:} 7... h6 8. Bh4 Bd7 9. Nf3 Nf6 10. Bxf6 gxf6 11. Bd3 f5 {1-0 (64) Nabaty,T (2586)-Cerveny,M (2357) Pardubice 2013}) 8. Bf4 {White has an edge.} Nf5 9. Bd3 Nh4 10. Bg3 Be7 11. f3 (11. Bxh4 $5 Bxh4 12. Nf3 $14) 11... O-O 12. Qf2 $36 {[%mdl 2048] Black is under pressure.} g6 (12... Nb4 $5 {[%cal Rb4d3]} 13. Bb1 Ng6 $11) 13. Rd1 Nf5 14. Bxf5 exf5 15. Nxd5 Qa5+ 16. Nc3 Nb4 (16... b5 $1 $15 {keeps the upper hand.} 17. a3 Ba6) 17. Nge2 Nc2+ {[#]} (17... Be6 $14) 18. Kf1 $1 $16 {[%cal Be1f1,Bf1g1,Bg1h2][%mdl 32]} Be6 19. Nf4 Bc4+ 20. Kg1 Nb4 21. a3 Na2 22. Nxa2 Bxa2 23. h4 Bb3 24. Rc1 Rac8 25. Kh2 Rfe8 26. Rhe1 Bf8 27. Nd3 Qb5 28. Qd2 a5 29. Nf4 a4 30. Ne2 Qd7 31. Nf4 Qb5 32. Nd3 b6 33. Nb4 Bh6 34. Rxc8 Rxc8 35. d5 Qc4 (35... Qc5 $16 36. Bf4 Bg7) 36. d6 $18 Qe6 $2 {[#]} (36... f6 {might work better.} 37. h5 gxh5) 37. Nc6 $1 {[%mdl 512] Ne7+ is the strong threat.} Bf8 (37... Rxc6 38. d7) 38. d7 Qxc6 39. dxc8=Q Qxc8 40. Rc1 Bc4 $2 {[#]} (40... Bc5 {keeps fighting.} 41. Qd4 Qe6 42. Qd8+ Kg7) 41. Qd5 $1 {[%mdl 512]} Bxd5 42. Rxc8 {[%mdl 4096] Endgame KRB-KB} Kg7 43. Be5+ f6 {[#]} 44. Bxf6+ $1 {[%mdl 512]} Kf7 (44... Kxf6 45. Rxf8+) 45. Bd4 b5 46. Rc7+ {White is clearly winning.} Kg8 {And now ...Bd6+ would win.} 47. Kg1 h5 48. Kf2 Bc4 49. Rc6 Kh7 50. Rc8 {Precision: White = 55%, Black = 39%.} 1-0

[Event "XII Americas Continental-ch 2017"]
[Site "Medellin"]
[Date "2017.06.18"]
[Round "11"]
[White "Kovalyov, Anton"]
[Black "Fernandez, Fernando"]
[Result "1-0"]
[WhiteElo "2643"]
[BlackElo "2416"]
[Annotator "TA"]
[PlyCount "165"]
[EventDate "2017.??.??"]
[EventType "swiss"]
[EventCountry "COL"]
[SourceTitle "playchess.com"]
[Source "ChessBase"]
[SourceQuality "1"]

{[%evp 16,165,18,8,31,16,22,0,16,0,99,72,71,71,70,70,91,93,134,145,141,172,226,143,121,59,79,62,67,72,75,70,70,0,0,-7,0,0,0,-160,-162,-253,-151,-178,0,-97,-30,-85,-81,-58,0,0,2,0,0,0,46,57,51,51,54,43,51,53,59,30,60,60,57,57,58,60,58,35,103,16,68,43,36,35,38,5,7,9,8,0,0,0,0,0,0,0,0,0,0,0,0,0,0,0,0,0,0,0,0,0,0,0,0,0,0,0,0,0,0,0,0,0,0,0,0,0,0,0,0,0,37,0,0,0,0,0,0,0,0,0,0,0,0,0,0,0,12845,12845,12847,12847,12850,12850,12851,29976,29976,29977]} 1. c4 e6 2. g3 d5 3. Bg2 Nf6 4. Nf3 Be7 5. O-O O-O 6. d4 c6 7. Qc2 b6 8. Rd1 Nbd7 9. b3 h6 {E08: Closed Catalan: Main Line: 7 Qc2} 10. Nc3 (10. Bb2 Bb7 11. Nc3 Qc7 12. Rac1 Rac8 13. e4 dxe4 14. Nxe4 c5 15. Nxf6+ Nxf6 16. dxc5 Bxc5 17. Ne5 Bxg2 18. Kxg2 {0-1 (45) Cheparinov,I (2677)-Harikrishna,P (2752) Monzon 2016}) 10... Ba6 11. Nd2 Rc8 {The position is equal.} 12. e4 $146 ({Predecessor:} 12. a4 Bb4 13. e4 e5 14. dxe5 Nxe5 15. exd5 cxd5 16. Nxd5 Nxd5 {1-0 (31) Kopsa,P-Van Gool,J (2057) ICCF email 2007}) 12... dxc4 (12... c5 $1 $11 13. exd5 cxd4 14. dxe6 fxe6) 13. Nxc4 b5 14. Ne3 $1 Qb6 15. a3 c5 16. d5 c4 17. bxc4 $1 bxc4 18. Rb1 Qc5 (18... Qc7 $142 19. Bh3 Nc5) 19. Qa4 Qd6 {intending ...Nc5.} 20. dxe6 (20. f4 $16) 20... Qxe6 $14 21. Ned5 (21. Nf5 $5 {[%cal Rf5e7]} Nc5 22. Qc2 $16) 21... Nc5 $1 {[%cal Rc5a4]} 22. Nxe7+ Qxe7 23. Qa5 Bb7 {[%cal Rf6e4]} 24. Bf4 (24. f3 $1 $14) 24... Bxe4 25. Re1 Rfe8 26. Nxe4 Ncxe4 27. Rb5 $2 (27. Bxe4 $11 Nxe4 28. f3 Qc5+ 29. Qxc5 Nxc5 30. Rxe8+ Rxe8 31. Rc1) 27... Qd7 $17 28. Rbb1 {[#]} (28. Bxe4 {is a better defense.} Nxe4 29. Rd5) 28... c3 (28... Nxf2 $1 $19 {[%mdl 512]} 29. Kxf2 Qd4+ 30. Kf3 g5) 29. Rbd1 {[#]} Qe7 $2 (29... Nd2 $1 $19 {[%mdl 512]} 30. Rxe8+ (30. Bxd2 Rxe1+) 30... Qxe8) 30. Be3 (30. Rd4 $11 {remains equal.}) 30... Qc7 ({Better is} 30... c2 $17 31. Rc1 Qb7 32. Qxa7 Qb3) 31. Qxa7 (31. Qxc7 $11 {was the only way to keep the balance.} Rxc7 32. Bf4) 31... Qxa7 32. Bxa7 Ra8 ({Black should play} 32... Nd2 $1 $15 33. Rxe8+ Rxe8) 33. Bd4 $11 Rxa3 34. Rc1 Rd8 35. Be5 Nc5 {next ...Nd3 is good for Black.} 36. Bxc3 Ne6 37. h4 Ra6 38. Bh3 Rad6 39. Be5 Ra6 40. Rb1 Nc5 41. Rb5 Ne6 42. Kg2 Nd7 43. Bc3 Ndc5 44. h5 Ra2 (44... Nd3 $14) 45. Re3 (45. Ba5 $16 Rf8 46. Bb6) 45... Ra3 (45... Nd3 $11 46. Ba5 Ra8 47. Bxe6 (47. Rxd3 R2xa5 48. Rdd5 Rxb5 $14) 47... fxe6 48. Rxd3 R2xa5) 46. Ba5 Rxe3 47. Bxd8 Re5 48. f4 Re2+ 49. Kf1 {aiming for Rxc5.} Re3 $132 {[%mdl 2048] Black is not keeping still} 50. Bh4 (50. Bxe6 $5 Nxe6 51. Kf2 $11) 50... g5 51. hxg6 fxg6 52. Kf2 Rc3 53. Bxe6+ Nxe6 {[%mdl 4096] Endgame KRB-KRN} 54. Bf6 Rc5 55. Rb7 Rc7 56. Rb8+ Kf7 57. Be5 Rc2+ 58. Ke3 h5 59. Rb7+ Ke8 60. Bd6 Kd8 61. Re7 Nc7 {Strongly threatening ...Nd5+.} 62. Rg7 (62. Rf7 {seems wilder.} Rc3+ 63. Kf2 Rc2+ 64. Kf3 Rc3+ 65. Kg2) 62... Ne8 63. Rxg6 (63. Rg8 {keeps more tension.} Kd7 64. Bb4 Rb2 65. Ba5 Nd6 66. Kf3) 63... Nxd6 64. Rxd6+ {KR-KR} Ke7 65. Rd5 (65. Rh6 {is interesting.} Rg2 66. Kf3 Rh2 67. Ke4 Rg2 68. Kf3) 65... Rh2 66. Rf5 Ke6 67. Rf8 Ke7 68. Rh8 Kf6 69. Rh6+ (69. g4 $5 Rh3+ 70. Kf2 hxg4 71. Rxh3 gxh3 72. Kg3 $11) 69... Kg7 70. Rd6 (70. Rb6 {is more complex.} Ra2 71. Rb3 Kg6 72. Rd3 Rb2 73. Ra3) 70... Rh1 71. f5 Rf1 72. Ke4 (72. g4 $5) 72... Rf2 73. Rg6+ (73. g4 $5 hxg4 74. Rg6+ Kf7 75. Rxg4 $11) 73... Kf7 74. Rh6 Rh2 75. Ra6 {Rh6 is the strong threat.} (75. g4 $5 Rh4 76. Ke5 (76. Rxh5 Rxg4+ 77. Ke5 Rb4 $11) 76... Rxg4 77. Rh7+ (77. Rxh5 Rb4 $11) 77... Kg8 78. Rxh5 $16) 75... Rf2 76. Rb6 (76. g4 $5 hxg4 77. Rb6 $11) 76... Rf1 77. Ke5 {Hoping for Rb7+.} (77. g4 $5 hxg4 78. Ke5 $11) 77... Re1+ 78. Kf4 {Black must now prevent Kg5.} Rf1+ $2 {[%mdl 8192]} (78... Rg1 $11) 79. Kg5 $18 Rf3 80. Rb7+ Kg8 81. g4 hxg4 82. Kg6 (82. f6 $18 Kf8 83. Kg6) 82... Kf8 83. f6 {Precision: White = 42%, Black = 68%.} 1-0

[Event "XII Americas Continental-ch 2017"]
[Site "Medellin"]
[Date "2017.06.18"]
[Round "11"]
[White "Cori, Jorge"]
[Black "Sevian, Samuel"]
[Result "1/2-1/2"]
[WhiteElo "2618"]
[BlackElo "2601"]
[Annotator "TA"]
[PlyCount "85"]
[EventDate "2017.??.??"]
[EventType "swiss"]
[EventCountry "COL"]
[SourceTitle "playchess.com"]
[Source "ChessBase"]
[SourceQuality "1"]

{[%evp 23,85,0,0,0,0,0,25,16,15,0,0,7,7,27,31,27,13,0,87,88,93,91,96,40,60,41,42,37,76,20,102,11,22,11,11,11,14,11,14,8,8,8,8,0,0,0,0,0,0,0,0,0,0,0,0,0,0,0,0,0,0,0,0,0]} 1. c4 e5 2. g3 Nf6 3. Bg2 d5 4. cxd5 Nxd5 5. Nc3 Nb6 6. d3 Be7 7. Be3 O-O 8. Rc1 Re8 9. a3 Bf8 10. Nf3 Nc6 11. O-O Nd4 {A29: English Opening: Four Knights Variation with 4 g3} 12. Ne4 a5 {LiveBook: 6 Games} (12... c6 13. Bg5 f6 14. Nxd4 exd4 15. Bd2 Be6 16. Re1 Bd5 17. Qc2 Qd7 18. b4 Rad8 19. Qb2 {0-1 (73) Nepomniachtchi,I (2767)-Karjakin,S (2785) Doha 2016}) 13. Bg5 f6 14. Bd2 a4 15. Nxd4 exd4 16. Nc5 c6 17. Re1 Re5 $146 ({Predecessor:} 17... Kh8 18. b4 axb3 19. Qxb3 Bxc5 20. Rxc5 {½-½ (26) Meyers,M (2074)-Torres Kuckel,R (2191) Dortmund 2016}) 18. Bb4 Kh8 19. e3 dxe3 20. Rxe3 Qe8 (20... Bxc5 $11 {keeps the balance.} 21. Bxc5 (21. Rxc5 Rxe3 22. fxe3 Nd5 $14) 21... Rxe3 22. fxe3 Be6) 21. Rxe5 $16 Qxe5 22. d4 Qe8 23. Qc2 (23. Qe1 $16 Qf7 24. Qc3) 23... Qf7 $14 24. Re1 Nd5 25. Bd2 b5 26. h4 (26. Qe4 $16) 26... Bxc5 (26... Bg4 $11) 27. Qxc5 ({White should try} 27. Bxd5 $1 $16 cxd5 28. dxc5 (28. Qxc5 Be6 $16)) 27... Bd7 $11 {The position is equal.} 28. Bxd5 (28. Bb4 $5) 28... Qxd5 29. Qxd5 cxd5 {[%mdl 4096] Endgame KRB-KRB} 30. Re7 Bf5 31. h5 h6 32. f3 Rc8 33. g4 Rc2 34. Bb4 Bd3 35. Rd7 Be2 36. Bf8 Kg8 37. Bxg7 Bxf3 38. Bxf6 Rg2+ 39. Kf1 {[#] And now g5 would win.} Rxg4 40. Kf2 Rf4 41. Be5 Bg4+ 42. Bxf4 Bxd7 43. Bxh6 {Precision: White = 52%, Black = 73%.} 1/2-1/2

[Event "XII Americas Continental-ch 2017"]
[Site "Medellin"]
[Date "2017.06.18"]
[Round "11"]
[White "Delgado Ramirez, Neuris"]
[Black "Cuartas, Jaime Alexander"]
[Result "1-0"]
[WhiteElo "2613"]
[BlackElo "2492"]
[Annotator "TA"]
[PlyCount "81"]
[EventDate "2017.??.??"]
[EventType "swiss"]
[EventCountry "COL"]
[SourceTitle "playchess.com"]
[Source "ChessBase"]
[SourceQuality "1"]

{[%evp 18,81,-52,-57,-47,-30,-44,-62,-32,-35,0,0,7,39,39,-1,166,168,292,312,300,295,429,435,431,435,428,422,417,408,571,565,585,588,621,636,662,640,667,670,745,744,835,683,766,766,832,827,809,782,858,839,956,947,1062,1040,1987,1935,1805,2381,29987,1602,29988,29989,29989,29990]} 1. e4 c5 2. b3 d6 3. Bb2 Nc6 4. f4 Nf6 5. Nc3 g6 6. Bb5 {B20: Sicilian: Unusual White 2nd moves} Bd7 7. Bxc6 Bxc6 8. Qe2 Bg7 9. O-O-O O-O 10. Nf3 {[#] LiveBook: 3 Games} b5 $1 {[%mdl 512]} 11. e5 (11. Nxb5 Nxe4) 11... Nh5 12. g3 $146 ({Predecessor:} 12. Qe3 Bh6 13. Ne2 Qd7 {1-0 (27) Velickovic,S (2399)-Wojtkiewicz,A (2535) FIDE.com 2002}) 12... b4 (12... c4 $5) 13. Ne4 a5 14. d4 {[%cal Bd2d4,Bd4d5,Bd5c6][%mdl 32]} c4 {[#] White must now prevent ...c3.} 15. d5 c3 16. Bxc3 bxc3 $2 (16... Bd7 $11 {and Black stays safe.} 17. Bd4 Bg4) 17. dxc6 $18 a4 (17... Qb6 $142 18. Nxc3 (18. exd6 Qb4 $16) 18... Qxc6) 18. b4 ({Don't play} 18. Nxc3 $6 axb3 19. cxb3 Qb6 $18) 18... Qb6 19. b5 ({Less strong is} 19. Nxc3 Qxb4 20. Rd3 (20. Nd5 Qa3+ 21. Kd2 dxe5 $17) 20... Qa3+ 21. Kd2 Qc5 $14) 19... Rab8 (19... dxe5 {might work better.} 20. Nxe5 Bxe5) 20. Nxc3 Qc5 21. Rd3 Rfc8 22. Qe4 dxe5 23. Nxe5 Nf6 24. Qxa4 e6 25. Qc4 Qa3+ 26. Kd2 Qa5 27. Ke2 h5 28. Rb1 h4 29. Qb4 Qb6 30. Nc4 Qc7 31. Qd6 hxg3 32. Qxc7 Rxc7 33. hxg3 Ne8 34. Ne5 Bxe5 35. fxe5 Kf8 36. Rbd1 Ra7 37. Rd8 Rxd8 38. Rxd8 Ke7 39. Rxe8+ Kxe8 40. b6 {[%cal Bb5b6,Bb6b7][%mdl 32]} Ra6 41. b7 {Precision: White = 95%, Black = 26%.} 1-0

[Event "XII Americas Continental-ch 2017"]
[Site "Medellin"]
[Date "2017.06.18"]
[Round "11"]
[White "Pichot, Alan"]
[Black "Bachmann, Axel"]
[Result "0-1"]
[WhiteElo "2577"]
[BlackElo "2653"]
[Annotator "TA"]
[PlyCount "54"]
[EventDate "2017.??.??"]
[EventType "swiss"]
[EventCountry "COL"]
[SourceTitle "playchess.com"]
[Source "ChessBase"]
[SourceQuality "1"]

{[%evp 15,54,15,19,0,0,0,22,0,0,0,0,0,-6,0,-14,0,0,0,0,0,0,-151,-144,-261,-169,-204,-173,-170,-187,-260,-257,-333,-297,-379,-326,-422,-426,-635,-468,-1259,-1258]} 1. e4 e5 2. Nf3 Nc6 3. d4 exd4 4. Nxd4 {[%cal Bf3d4,Bd4c2,Bc2e3][%mdl 32]} Qf6 5. Be3 Bc5 6. c3 Nge7 7. Bc4 O-O 8. O-O b6 9. Nc2 {C45: Scotch Game} Bb7 (9... Ne5 10. Be2 Bb7 11. f4 N5g6 12. e5 Qe6 13. b4 Bxe3+ 14. Nxe3 Nh4 15. Bg4 f5 16. Be2 Kh8 {0-1 (34) Kasparov,G (2812)-Caruana,F (2795) Saint Louis 2016}) 10. Nd2 Ne5 {[%cal Bc6e5,Be5g6,Bg6h4][%mdl 32]} 11. Be2 {The position is equal.} Bxe3 12. Nxe3 N5g6 13. Bf3 $146 {Black must now prevent e5!} ({Predecessor:} 13. Re1 d5 14. Qc2 Nf4 {½-½ (25) Markus,R (2221)-Janosi,E (2069) LSS email 2009}) 13... Nh4 14. Bg4 d5 15. g3 {e5 is the strong threat.} dxe4 16. gxh4 Rad8 $1 17. Qe2 Qxh4 18. Rfd1 $2 {[#]} (18. Rad1 $11 f5 19. Qc4+ Bd5 20. Qxc7 fxg4 21. Nxe4 $1 {[%mdl 512]}) 18... f5 $1 $17 {[%cal Bf7f5,Bf5g4][%mdl 32]} 19. Qc4+ (19. Nf3 $17 exf3 20. Bxf3 Qg5+ 21. Ng2 Bxf3 22. Qxf3) 19... Bd5 $1 $19 {[%cal Rd5c4]} 20. Qxc7 {aiming for Be2.} fxg4 21. Qg3 Qf6 22. Ndf1 (22. Nxg4 $142 Qe6 23. Ne3) 22... h5 {[%cal Bh7h5,Bh5h4][%mdl 32]} 23. Rd2 {intending Rad1.} Be6 24. Rad1 Rxd2 25. Rxd2 Ng6 {Black is clearly winning.} 26. Rd6 (26. Ng2 $142 Ne5 27. Kh1) 26... h4 27. Qg2 (27. Rxe6 $142 Qxe6 28. Qxg4) 27... Nf4 {Precision: White = 36%, Black = 88%.} 0-1

[Event "XII Americas Continental-ch 2017"]
[Site "Medellin"]
[Date "2017.06.18"]
[Round "11"]
[White "Peralta, Fernando"]
[Black "Barrientos, Sergio E"]
[Result "1/2-1/2"]
[WhiteElo "2569"]
[BlackElo "2463"]
[Annotator "TA"]
[PlyCount "99"]
[EventDate "2017.??.??"]
[EventType "swiss"]
[EventCountry "COL"]
[SourceTitle "playchess.com"]
[Source "ChessBase"]
[SourceQuality "1"]

{[%evp 12,99,29,25,42,37,36,38,45,39,50,38,52,60,72,52,80,80,80,72,84,83,89,87,83,83,85,80,75,56,72,56,58,58,86,88,83,83,89,85,82,66,54,54,57,64,60,56,52,58,58,44,56,44,60,47,58,47,56,59,22,0,0,0,0,0,0,-422,-404,-716,-686,-599,-317,-729,-658,-620,-495,-703,-708,-469,0,0,0,0,0,0,0,0,0,0]} 1. d4 Nf6 2. c4 e6 3. Nc3 Bb4 4. e3 O-O 5. Bd3 c5 6. Nf3 d6 7. O-O {LiveBook: 19 Games} h6 {E50: Nimzo-Indian: Rubinstein: 4...0-0 5 Nf3} (7... Re8 8. Ne2 Nbd7 9. e4 cxd4 10. a3 Ba5 11. b4 Bc7 12. Nexd4 Nf8 13. Nb5 e5 14. h3 Ne6 15. Nxc7 Qxc7 {1-0 (44) Bellaiche,A (2443)-Kogan,A (2524) France 2010}) 8. Bd2 Nc6 9. a3 $146 ({Predecessor:} 9. d5 Bxc3 10. dxc6 Bxd2 11. cxb7 Bxb7 12. Qxd2 Qb6 13. Qc2 Rfd8 14. Rac1 a5 15. Rfd1 a4 16. a3 {0-1 (60) Kremsner,A (2214)-Mochalov,E (2419) Fuegen 2006}) 9... Ba5 {White is slightly better.} 10. Qc2 Qe7 11. Rfe1 Re8 12. Rad1 b6 13. h3 Bxc3 14. Bxc3 ({Much weaker is} 14. bxc3 $6 e5 $15) 14... e5 15. d5 Nb8 {Threatens to win with ...e4.} 16. Nd2 {[%cal Bf3d2,Bd2f1,Bf1g3,Bg3h1,Bh1f2][%mdl 32]} Nbd7 17. f3 a6 18. b3 Rb8 19. Rb1 b5 20. Ba5 Nf8 21. Nf1 Bd7 22. Ng3 Rb7 23. Bc3 h5 24. f4 e4 25. Be2 h4 26. Nh1 Reb8 27. Nf2 Bf5 28. Kh2 Ng6 29. Bg4 Nxg4+ 30. hxg4 Bd7 31. Rbc1 ({Of course not} 31. Nxe4 bxc4 32. bxc4 Rxb1 $15) 31... f5 32. gxf5 Bxf5 33. Qe2 bxc4 34. bxc4 Rb3 35. Qh5 Rf8 36. g4 hxg3+ $1 37. Kxg3 {[#]} Ne5 $1 {[%mdl 512]} 38. fxe5 Rxc3 $1 39. e6 $2 {[%mdl 8192] [#]} (39. Ng4 $1 $11 Rxc1 40. Rxc1) 39... Qf6 $1 $19 40. Rxc3 (40. e7 $142 Qxe7 41. Nh3) 40... Bg6 41. Qe2 Qxc3 42. Ng4 $2 {[#]} (42. Rh1 Rf3+ 43. Kg2) 42... Rf3+ $1 43. Kh2 Bh5 44. Rg1 (44. e7 $142 Kf7 45. Rg1) 44... Bxg4 $1 45. Rxg4 Rxe3 $2 {[#]} ({Black should try} 45... Qe5+ $19 46. Kg1 Rh3) 46. Rxg7+ $1 $11 {[%mdl 512] The position is equal.} Kxg7 (46... Qxg7 47. Qxe3) 47. Qg4+ Kf6 48. Qf4+ Kg6 49. Qg4+ Kh6 {( -> ...Qd2+)} 50. Qh4+ {Precision: White = 68%, Black = 64%.} 1/2-1/2

[Event "XII Americas Continental-ch 2017"]
[Site "Medellin"]
[Date "2017.06.18"]
[Round "11"]
[White "Bacallao Alonso, Yusnel"]
[Black "Terry, Renato"]
[Result "1-0"]
[WhiteElo "2554"]
[BlackElo "2454"]
[Annotator "TA"]
[PlyCount "131"]
[EventDate "2017.??.??"]
[EventType "swiss"]
[EventCountry "COL"]
[SourceTitle "playchess.com"]
[Source "ChessBase"]
[SourceQuality "1"]

{[%evp 20,131,5,3,14,0,0,0,0,0,0,0,5,-5,0,-55,0,-29,-25,-22,-16,-22,0,-12,0,-18,-18,-12,-11,-29,-29,-17,-4,0,0,-23,0,0,0,0,11,-16,0,-8,0,0,20,10,66,66,66,67,135,135,152,145,145,145,164,163,164,157,158,157,157,157,157,157,156,156,258,197,258,141,415,258,258,258,258,258,340,258,311,164,164,164,415,415,415,415,415,415,415,164,415,415,415,415,415,0,415,258,415,415,29976,29977,29979,29978,29978,29977,29976,29955,29986,29987]} 1. Nf3 Nf6 2. g3 d5 3. Bg2 c6 4. b3 Bg4 5. Bb2 Nbd7 6. O-O e6 7. d3 Bd6 8. Nbd2 O-O 9. h3 Bxf3 10. Nxf3 Qe7 11. a3 e5 {A07: Réti Opening: New York and Capablanca Systems} (11... Rfd8 12. c4 Rac8 13. Qc2 a6 14. Rfe1 e5 15. e4 dxe4 16. dxe4 Nf8 17. c5 Bxc5 18. Bxe5 Ne6 19. Qb2 {0-1 (60) Adly,A (2684)-Vladimirov,Y (2589) Pavlodar 2015}) 12. Nh4 (12. e4 $5) 12... g6 13. e4 dxe4 {The position is equal.} 14. dxe4 Rad8 15. Qe2 Rfe8 16. b4 $146 ({Predecessor:} 16. a4 Nf8 17. Nf3 Nh5 18. Kh2 f6 19. Nd2 {1-0 (56) Ledger,A (2452)-Gordon,S (2338) Scarborough 2004}) 16... Nb6 (16... a5 $5) 17. Rad1 (17. Bc1 $11) 17... Qe6 (17... c5 $15) 18. Rd3 Nc4 19. Bc1 b5 20. Rfd1 Bc7 21. Nf3 a5 22. Nd2 (22. Rxd8 {keeps more tension.} Bxd8 23. Nd2 Nb6 24. Nb3 axb4 25. axb4 Be7 26. Bd2) 22... axb4 23. axb4 Rxd3 24. cxd3 (24. Qxd3 $5 {[%cal Rd2c4]} Rd8 25. Qf3 $11) 24... Nxd2 25. Bxd2 Ra8 26. Be3 Ra2 27. Qf3 Nd7 28. d4 $1 {[%cal Rd4d5]} exd4 29. Bxd4 Be5 (29... h5 {is more complex.} 30. Qe3 Ne5 31. Bc5 Nd7 32. Bd4) 30. Be3 Ra1 31. Kh2 Rxd1 32. Qxd1 Qd6 33. Qc2 {White wants to play f4.} Qxb4 (33... Bg7 $11) 34. Qxc6 $14 Nf8 35. Qd5 $1 {[%cal Rd5e5]} Qb2 ({Black should play} 35... Qc3 $14) 36. Bf1 $16 Ne6 37. Qxb5 ({And not} 37. Bxb5 Bd4 $11) 37... Qxb5 38. Bxb5 Bd4 39. Bxd4 Nxd4 $18 {[%mdl 4096] Endgame KB-KN} 40. Bc4 g5 41. Kg2 Kg7 42. f4 gxf4 43. gxf4 Nc6 44. Kf3 Ne7 (44... f6 $16 45. Bd5 Nb4) 45. Ke3 Ng6 (45... Kf8 {was necessary.} 46. h4 Kg7) 46. Bb3 (46. Bb5 $18) 46... Kf6 $2 {[%mdl 8192]} (46... f6 $16 {keeps fighting.} 47. Be6 Nh4) 47. Bd1 Kg7 48. Bh5 {[#] Bxg6 is the strong threat.} Ne7 49. Kd4 Kf6 50. Bg4 Kg7 51. Bd7 (51. f5 $142) 51... Ng6 52. Ke3 Ne7 $2 {[#]} (52... Nh4 {might work better.} 53. Bb5 Ng6) 53. f5 Kf6 54. Kf4 Ng8 55. Bc6 Kg7 56. Kg5 $2 (56. Ke5) 56... h6+ $2 (56... f6+ 57. Kf4 Ne7) 57. Kf4 Ne7 58. Bd7 Ng8 59. Bc6 Ne7 60. Bd5 Nc8 $2 (60... f6 {was called for.} 61. Bb7 Kf8) 61. Ke5 f6+ (61... Nb6 $18 62. Bb3 Kf8) 62. Ke6 {White mates.} Na7 63. Ke7 Nc8+ 64. Kd7 Nb6+ 65. Ke6 Na4 66. Ke7 {Precision: White = 54%, Black = 35%.} 1-0

[Event "XII Americas Continental-ch 2017"]
[Site "Medellin"]
[Date "2017.06.18"]
[Round "11"]
[White "Ramirez, Alejandro"]
[Black "Pulvett Marin, Daniel"]
[Result "1-0"]
[WhiteElo "2552"]
[BlackElo "2437"]
[Annotator "TA"]
[PlyCount "91"]
[EventDate "2017.??.??"]
[EventType "swiss"]
[EventCountry "COL"]
[SourceTitle "playchess.com"]
[Source "ChessBase"]
[SourceQuality "1"]

{[%evp 18,91,34,31,36,19,18,23,26,24,44,34,41,37,35,25,32,21,15,7,34,33,35,28,33,37,46,39,66,56,40,27,87,82,101,67,161,173,162,117,311,304,335,223,411,411,440,453,440,415,562,556,609,629,717,729,696,638,763,755,803,780,787,758,748,787,790,769,782,758,723,723,854,795,843,825]} 1. Nf3 Nf6 2. c4 e6 3. g3 b6 4. Bg2 Bb7 5. O-O c5 6. b3 d6 7. Bb2 {A30: Symmetrical English: Double Fianchetto and Hedgehog} Be7 (7... a6 8. d4 cxd4 9. Qxd4 Nbd7 10. Nc3 Be7 11. Rac1 O-O 12. Rfd1 Rc8 13. Qd2 Qc7 14. Ne1 Bxg2 15. Nxg2 Qb7 16. Qd3 Rfd8 17. Nf4 Ne5 18. Qd2 b5 19. cxb5 axb5 20. Nd3 {0-1 (70) Mamedov,R (2678)-Cordova,E (2637) Atlantic City 2016}) 8. e3 Nbd7 9. Qe2 O-O 10. Rd1 {LiveBook: 15 Games} Rc8 11. d3 {[%cal Bd2d3,Bd3d4][%mdl 32]} Qc7 12. Nc3 Qb8 $146 ({Predecessor:} 12... Rfd8 13. Rac1 Qb8 14. h3 Nf8 15. Qf1 Ng6 16. Nd2 d5 17. cxd5 exd5 {0-1 (47) Lehmitz,G-Goldberg,A (2365) Dresden 1993}) 13. Ne1 d5 14. cxd5 exd5 15. d4 Qa8 16. Rac1 Rfe8 17. Qd3 c4 18. Qb1 cxb3 19. axb3 Bc6 20. Nd3 Bd6 21. Qa2 a5 22. Ba3 Bxa3 23. Qxa3 b5 {[#] Threatens to win with ...b4.} 24. Qa2 Ne4 (24... b4 $11 25. Na4 Ne4) 25. Bh3 Ng5 26. Bg4 Nf6 (26... Rcd8 $14) 27. Bxc8 $18 Qxc8 28. Qe2 {Black must now prevent Ne5.} Nh3+ $2 (28... b4 $16 {might work better.}) 29. Kg2 Ng5 30. Nf4 Bd7 $2 {[#]} (30... Qb7 31. h4 Ne6 32. Nxe6 fxe6) 31. Ne4 $1 {[%mdl 512]} dxe4 32. Rxc8 Rxc8 33. Qb2 Bg4 34. Rc1 {White is clearly winning.} Bf3+ 35. Kg1 Rf8 36. Rc5 h6 37. h3 Bd1 38. Qb1 Bh5 39. Qc1 a4 40. bxa4 bxa4 41. Rc8 Rxc8 42. Qxc8+ Kh7 43. Qc2 a3 44. Qb3 Nf3+ 45. Kh1 Nd2 46. Qa2 {Precision: White = 70%, Black = 40%.} 1-0